[Event "EU-chT (Men) 15th"]
[Site "Gothenburg"]
[Date "2005.08.06"]
[Round "8.1"]
[White "Kozul, Zdenko"]
[Black "Akopian, Vladimir Eduardovic"]
[Result "1/2-1/2"]
[WhiteElo "2585"]
[BlackElo "2705"]
[Annotator "Kapengut"]
[PlyCount "75"]
[EventDate "2005.07.30"]
[EventType "team-swiss"]
[EventRounds "9"]
[EventCountry "SWE"]
[SourceTitle "CBM 109"]
[Source "ChessBase"]
[SourceDate "2005.11.14"]
[SourceVersion "1"]
[SourceVersionDate "2005.11.14"]
[SourceQuality "1"]
[WhiteTeam "Croatia"]
[BlackTeam "Armenia"]
[WhiteTeamCountry "CRO"]
[BlackTeamCountry "ARM"]

1. d4 Nf6 2. c4 e6 3. Nf3 c5 4. d5 exd5 5. cxd5 d6 6. Nc3 g6 7. Bf4 a6 8. a4
Bg7 9. e4 Bg4 10. Be2 Bxf3 11. Bxf3 O-O 12. O-O Qe7 {This is an important
"tabyia" of the Benoni. By exchanging on f3 and developing his knight to d7,
black has secured control of several dark squares in the centre (the most
important beeing e5 and d4) and has avoided for the moment the dangerous break
e4-e5. On the other hand, white defended very well his central pawns and can
decide later on which side he should start concrete actions.} 13. Qd2 {In the
different sourses a reader could see this game with the strange move 13.Qe2?.
I'm not a witness of this game, but sure about the typing mistake and analyse
it with the imagine move order.} (13. e5 {see Aronian,L -Handke,F /Neukoelln
GER 2005/CBM106 [Kapengut]}) (13. Re1 {see Lautier,J-Korneev,O /ESR-chT
Sanxenxo 2004/CBM105 [Kapengut]}) 13... Nbd7 14. a5 Rab8 (14... h5 15. h3 Rac8
$5 (15... Rab8 16. Ra2 Nh7 17. Re1 Rfe8 18. Re2 Bd4 $1 19. Ra4 Nhf6 $11 {
Ruban-Emms, Hastings B 1991}) (15... Rfb8 16. Ra2 Ne8 $13) (15... Rfe8 16. Rfe1
$14) 16. Rfe1 c4 17. Na4 $5 (17. Ra4 Ne5 $5 18. Be2 (18. Bxe5 Qxe5 19. Be2 Nxe4
20. Nxe4 Qxe4 21. Bg4 c3 $1 $17) 18... Nfd7 19. Bxe5 Nxe5 20. f4 Bh6 $1 $13 21.
g3 Qd7 (21... h4 22. g4 $1 $36) 22. Kg2 Rc5 $1 23. Qd1 Nd3 $1 24. Bxd3 cxd3 $13
) 17... Ne5 18. Bxe5 (18. Nb6 Nd3 $1 (18... Nxf3+ $6 19. gxf3 Rc5 20. Rac1 $16)
19. Nxc8 Rxc8 20. Re2 (20. Red1 Nxe4 $13) 20... Nd7 $1 $44) 18... Qxe5 19. Nb6
(19. Qb4 Nd7 $1 20. Qxb7 Nc5 21. Nxc5 Rxc5 22. Qxa6 Rb8 $1 $44) (19. Rac1 Nd7
20. Qb4 (20. Qe2 Qf4 $1 $15) 20... Nc5 $1 $15) 19... c3 $1 20. bxc3 Rxc3 21.
Rac1 Rxc1 22. Qxc1 Qd4 $1 {/\ Qb4} 23. Qa3 $1 Re8 $1 (23... Rd8 24. Rd1 Qe5 25.
Nc4 $16) 24. Rd1 (24. Qxd6 Bf8 $5 (24... Nxe4 $15)) 24... Qe5 25. Nc4 Qg5 {
Gaprindashvili,N-Madl,I /Smederevska Palanka (izt) 1987} 26. Qb3 $5 Nxe4 27.
Bxe4 Rxe4 28. Nxd6 Rd4 $1 29. Nxb7 (29. Rxd4 Bxd4 $17) 29... Qe7 $1 30. d6 $1 (
30. Rxd4 $2 Qe1+ $19) (30. Rb1 Qe2 $17) 30... Qe2 $1 (30... Rxd1+ 31. Qxd1 Qxb7
32. d7 $11) 31. Rf1 Qd2 32. Qb6 h4 33. Qxa6 Be5 $15 {|^[Perenyi,B]}) 15. Rfe1
$5 (15. Be2 Rfe8 (15... Ne8 $5 16. Ra4 Nc7 $13) 16. Ra4 $14 b5 $6 (16... h5 $5)
17. axb6 Nxb6 18. Rxa6 Nxe4 19. Nxe4 Qxe4 20. Bxd6 Rb7 21. Bxc5 Nd7 22. Be3
Rxb2 23. Qd3 $16 {Gerusel-Hartmann, BL 1986}) 15... b5 (15... Rfc8 16. Be2 (16.
Bg5 Qf8 17. Be2 Ne8 (17... Re8 18. Qd3 Ne5 19. Qh3 h5 $5 $14 {[%cal Gf6h7,
Gf6g4,Ge5g4]}) 18. Bg4 $5 Rc7 19. f4 Bd4+ 20. Kh1 b5 21. axb6 Rxb6 22. e5 $1
dxe5 23. Bxd7 $1 Rxd7 24. fxe5 $16 {Gaprindashvili,N-Fischdick,G/Wuppertal WGM
1990}) (16. Na4 h5 (16... Ne5 17. Nb6 Rd8 18. Bxe5 Qxe5 19. Nc4 Qd4 20. Qxd4
cxd4 21. Rad1 Nd7 22. Be2 b5 23. axb6 Nxb6 24. Na5 $16 {Tarnowiecki,
H-Ekebjaerg,O/ICCF 2002}) 17. Ra3 (17. h3 Ne8 18. Rac1 b5 19. axb6 Nxb6 20. b3
Nd7 21. Bd1 Rc7 (21... Nc7 22. Nxc5 $140 $6 Nxc5 23. Rxc5 dxc5 24. d6 Qd7 25.
dxc7 Qxd2 26. Bxd2 Ra8 27. Bf4 Bc3 $15) 22. Nb2 Ne5 23. Nc4 Nxc4 24. Rxc4 (24.
bxc4 Rcb7 25. Ba4 Rb4 $132) 24... Rcb7 25. Ra4 Rb6 26. Qe3 Nc7 $132 {Tasic,
B-Kovacevic,Sl/Cannes op 1990}) 17... Ne8 18. Bh6 b5 19. axb6 Nxb6 20. Nxb6
Rxb6 21. Bxg7 Kxg7 22. Be2 Nc7 23. Bxh5 $5 Rh8 $5 (23... Qe5 24. Bg4 Rh8 25. h3
Qxb2 $11) 24. Qc3+ $6 (24. Bd1 Qe5 25. f4 Qxb2 26. Qe3 f5 $132) 24... Qf6 25.
e5 dxe5 26. Qxc5 Nxd5 $6 (26... Nb5 $1 27. Rf3 Qd6 28. Qxd6 Rxd6 $17) 27. Qxd5
{1/2-1/2 Burgess,G-Anderton,M/4NCL, Telford ENG 1997}) 16... h5 (16... Ne8 17.
h3 (17. Bg4 b5 18. axb6 {1/2-1/2 Gruenberg,H-Nun,J/Polanica Zdroj 1989} Rxb6
19. e5 $6 (19. Na4 Rb4 20. Bg5 Bf6 21. Bxd7 Qxd7 22. Bxf6 Nxf6 23. Nc3 Ra8 $11)
19... dxe5 20. Bxd7 Qxd7 21. Bxe5 Bxe5 22. Rxe5 Nd6 23. Qe2 c4 24. h4 Rcb8 25.
h5 Rxb2 26. Qf3 R2b6 $15 {Naumkin,I-Nun,Ji/Namestovo 1987}) (17. Bg5 Qf8 18. g3
Nc7 19. Be3 b5 20. f4 b4 21. Nd1 Re8 22. Nf2 Nb5 $13 {Sahovic,D-Cebalo,M/
YUG-ch/1986}) (17. Bf1 $6 Qf8 18. Qc2 Nc7 19. Ra2 Qe7 20. Bd2 Re8 21. Kh1 Bd4
22. Nd1 Nf6 23. Ra4 Nb5 24. Bg5 h6 $1 25. Bh4 g5 26. Bg3 Nxe4 $132 {
Gaprindashvili,N-Cramling,P/Tbilisi w 1984}) 17... Nc7 (17... h5 $5) 18. Bg4
Re8 19. Bg5 Bf6 20. Bxf6 Nxf6 21. e5 $1 dxe5 22. d6 Qd8 $6 (22... Rbd8 $142 23.
Rad1 Qf8 24. d7 Re7 25. Qd6 Ne6 26. Bxe6 Rxe6 27. Qc7 $14) 23. Rad1 Nb5 24.
Nxb5 axb5 25. d7 $16 {Firt,S-Priehoda,V/CSR-ch Brno 1990}) (16... c4 $6 17. Ra4
Nc5 18. Rxc4 Nfd7 (18... Nb3 $6 19. Rxc8+ Rxc8 20. Qe3 Nxa5 21. Qb6 Nxe4 22.
Bd3 Nc4 23. Qb3 Bxc3 24. Rxe4 Na5 25. Rxe7 Nxb3 26. bxc3 {1-0
Sahovic-Kovacevic/Pinerolo 1987}) 19. Qc2 b5 20. axb6 Nxb6 21. Rb4 a5 22. Rb5
a4 23. Be3 Nbd7 24. Rxb8 (24. Nxa4 $1 Nxe4 25. Rxb8 Rxb8 26. Qc7 $16) 24...
Rxb8 25. Bf1 Rb4 26. f3 Be5 27. Bf2 Qf6 28. Rd1 h5 29. Kh1 h4 $44 {Szymczak,Z
-Palkovi,J /Naleczow 1988}) 17. Bg5 (17. Bf1 Ne8 18. Bg5 Qf8 19. Ra4 Nc7 20.
Rea1 Kh7 21. Kh1 b5 22. axb6 Rxb6 23. Bxa6 Rcb8 24. R1a2 Qh8 25. Bf1 $16 {
Taboada,P-Anderton,M/IECG 1996}) 17... Qf8 18. h3 Ne8 19. f4 Bd4+ 20. Kh1 Nef6
21. Ra4 Re8 22. Bf3 Nh7 23. Bh4 Qg7 24. Qd3 Qh6 25. Bg3 {Pavlovic,R-Kovacevic,
Sl/JUG-ch 1991} g5 $5 $132) (15... h5 16. Be2 $1 (16. h3 Ne8 17. g4 Ne5 18. Be2
hxg4 19. hxg4 b5 20. axb6 Rxb6 21. Kg2 Nc7 22. Bh6 (22. Na4 Rb4 23. Nxc5 $5
dxc5 24. d6 Qd7 25. dxc7 Qxc7 26. Bxa6 Rfb8 $44) 22... f5 23. gxf5 gxf5 24. Rg1
Rf6 25. Kf1 Rg6 26. Rxg6 Nxg6 27. Bxg7 Kxg7 28. exf5 Qh4 $1 29. Bf3 {Bus,
M-Twardon,M/POL-chT Jachranka 1987} Qf4 30. Qxf4 Nxf4 31. Ra4 Nd3 $15) 16... b5
(16... Rfe8 $6 17. h3 b5 18. axb6 Rxb6 19. Bxa6 Reb8 20. Ra2 Rb4 21. Bg5 $6 (
21. Bf1 $16) 21... Qe8 22. Bd3 c4 23. Bf1 Nc5 24. Bf4 (24. Qc2 Nfd7 25. Be3 Qc8
26. f4 Nd3 $5 $44 {Chatalbashev,B-Izoria,Z/Antalya TUR 2004}) 24... Qd7 25. e5
$1 $16) 17. axb6 Rxb6 18. Bf1 Rfb8 19. Ra2 Rb4 20. f3 Ne8 21. Kh1 Nc7 22. Bg5
Qf8 23. Rc1 $6 (23. f4 $142 $14) 23... Ne5 24. Re1 f5 25. exf5 Qxf5 26. Be7 Rd4
27. Qc1 Nxd5 28. Bxd6 (28. Nxd5 $6 Rxd5 29. Rxa6 Nd3 30. Qc4 Nf2+ 31. Kg1 Rb4
$17) 28... Nxc3 29. Rxa6 Nxf3 $1 30. gxf3 Rd8 31. Qxc3 (31. Bxc5 $140 $6 Rd2
32. bxc3 Qxf3+ 33. Kg1 Qg4+ 34. Kh1 R8d5 $19) 31... R4xd6 $15 {Mochalov,
E-Magerramov,E/URS-chT1 corr 1988}) (15... Ne8 16. Be2 (16. Bg5 Bf6 (16... Qe5
17. Bg4 $5 Nef6 18. Bh3 $16) 17. h4 Nc7 (17... Bxg5 18. hxg5 Ne5 19. Bd1 {
[%cal Gd1a4,Ga4e8]} f6 20. f4 Nf7 21. gxf6 Qxf6 22. g3 g5 $5 $13) 18. Bg4 $6
Ne5 19. Be2 Bxg5 20. hxg5 f6 21. f4 Nf7 22. gxf6 Qxf6 23. Bc4 Kh8 24. Rad1 g5
$5 25. e5 $5 Qxf4 26. e6 {Nestorovic,D-Kovacevic,S/San Benedetto 1989} Qxc4 $1
27. exf7 Rxf7 28. Ne4 Qd4+ 29. Qxd4+ cxd4 $15) 16... Nc7 17. Bg5 (17. Bf1 b5
18. Bh6 $6 f6 19. Bxg7 Qxg7 20. f4 c4 21. Ne2 Nc5 22. Nd4 Rbe8 $17 {Oadeoiiia,
A-Aiaeueyiia,I/Cork 1998}) 17... Qe5 $1 (17... f6 18. Be3 b5 19. axb6 Rxb6 20.
Ra2 Rfb8 21. Qc2 Ne5 22. Rea1 Nf7 23. Bc1 Ra8 (23... Qe5 $5 24. Bxa6 $140 Nxa6
25. Rxa6 Rxa6 26. Rxa6 f5 $44) 24. Bf1 Ne5 25. Ra4 Qf8 26. Bd2 Bh6 27. f4 Nd7
28. Nd1 $16 {Gaprindashvili,N-Armas,J/Berlin Neukoelln 1988}) (17... Qe8 18. e5
$5 (18. Bf1 b5 19. axb6 Rxb6 20. Na4 Rb4 21. Qc2 Nb6 22. Nc3 Qe5 23. Be3 Nc4
24. Bxc4 Rxc4 25. Qd2 Qe7 (25... Rb8 $5) 26. Bf4 Qd7 27. Qd3 Rb4 28. Qg3 Rd8
29. Re2 Nb5 $5 $132 {Nebolsina,V-Hou Yifan/Jinan CHN 2005}) 18... dxe5 (18...
Bxe5 $6 19. Bh6 Bg7 20. Bxg7 Kxg7 21. Bxa6 Qd8 22. Bc4 $16) (18... Nxe5 $6 19.
f4 Nd7 20. Bf3 Qc8 21. Be7 Re8 22. Bxd6 $16) 19. d6 Ne6 20. Be7 Nd4 21. Rad1
Kh8 22. Nd5 Qc8 23. Bc4 Re8 24. Rc1 Nf5 25. b4 $36) (17... Bf6 18. Bxf6 Qxf6 (
18... Nxf6 $6 19. Bc4 b5 20. axb6 Rxb6 21. f4 Nd7 (21... Rfb8 22. b3 Nfe8 $16)
22. e5 dxe5 23. Rad1 Nb5 (23... Ne8 $2 24. fxe5 Nxe5 25. Qf4 Rb4 26. d6 $1 Nxd6
27. Nd5 Qa7 28. Qxe5 {1-0 Christiansen,L-Kudrin,S/USA (ch) 1984}) (23... Rd6
24. Ne4 exf4 25. Qxf4 Ne8 26. Nxd6 Qxd6 27. Qxd6 Nxd6 28. Bxa6 $18) 24. fxe5
Nd4 25. d6 $18) 19. f4 Qg7 (19... Qh4 20. Bf3 Rfe8 21. g3 Qf6 22. Bg4 $16) 20.
Bd1 b5 21. axb6 Nxb6 22. e5 Rfd8 23. Bf3 f6 24. Qf2 (24. e6 f5 $13) 24... fxe5
25. fxe5 Nc4 26. exd6 Nxd6 27. Qxc5 Rxb2 28. Rac1 $14 {Sakic,R-Ingersol,H/IECC
2004}) 18. Bg4 $5 (18. Ra4 Bf6 19. Bh6 Bg7 20. Bg5 Bf6 21. Be3 b5 22. axb6 Rxb6
23. f4 Qe7 24. Bg4 Bg7 25. e5 Re8 26. Ne4 $16 {Kozul,Z-Horvath,C/Groningen
ch-EU jr 1984}) 18... Nf6 19. f4 Qd4+ 20. Qxd4 cxd4 21. Bxf6 Bxf6 22. Na4 $16)
16. axb6 Rxb6 17. Na4 $5 $146 (17. Ra2 Rfb8 18. h3 (18. Bd1 Ne8 (18... Ne5 19.
Be2 Rb4 20. f3 Nh5 21. Bg5 Qd7 22. Qc2 (22. Bxa6 $140 c4 $5 $44) 22... Nc4 23.
Bxc4 Bd4+ 24. Be3 Rxc4 25. Rxa6 $16 {Cardelli,G-Sender,C/ICCF Email 2000}) 19.
Ba4 Ne5 20. Bxe8 $6 Qxe8 21. Qe2 Qc8 22. h3 c4 $5 23. Bxe5 Bxe5 24. Rc1 Rb4 25.
Rc2 Qb7 $15 {Roeder,M-Galje,H/Graz op 1997}) 18... Ne8 19. Bd1 Ne5 20. Be2 Nc7
21. Bg5 Qe8 22. Kh1 Nd7 (22... Rb4 $5) 23. Bg4 h5 24. Bxd7 Qxd7 25. Bf4 Re8 26.
f3 Rb4 $132 {Green,P-Xu Jun/Shenyang 1999}) (17. Ra5 Ne5 18. Bxe5 Qxe5 19. Na4
Rb4 20. Rxa6 Nxe4 $1 21. Rxe4 (21. Qc2 f5 $15) 21... Rxe4 22. Bxe4 Qxe4 $17 {
Aieueaeooaei-Oadeoiiia A/Corr. OOID-1 1987}) (17. Be2 $6 Rfb8 18. Ra2 $6 (18.
Rxa6 Rxb2 19. Qe3 Ne8 $132) 18... Nxe4 19. Nxe4 Qxe4 20. b3 (20. Bxa6 Qf5 $17)
20... Re8 21. Rd1 Rxb3 22. Bxd6 {Williams,S-Lie,K /Gausdal NOR 2005} Bd4 $17)
17... Rb4 18. e5 $5 dxe5 19. d6 Qe6 20. Be3 (20. Nxc5 $5 Nxc5 21. Qxb4 Nd3 22.
Qa5 Nxf4 23. Qxe5 Qxe5 24. Rxe5 Rd8 25. Rxa6 Ne8 26. Rea5 $5 (26. Re1 Nxd6 27.
Rd1 Be5 28. b4 Ne6 29. b5 Nc7 30. Rb6 Kf8 $15) 26... Kf8 $5 (26... Rxd6 27. b4
Ne6 28. Rxd6 Nxd6 29. Ra8+ Bf8 30. Rb8 $44) 27. b4 Nxd6 28. b5 Re8 29. Ra8 Bd4
30. Rxe8+ Nxe8 31. g3 Ne6 32. Ra8 Ke7 $15) 20... Rfb8 21. Nxc5 (21. Bc6 $5 Bf8
(21... e4 22. Nxc5 Nxc5 23. Bxc5 Rxb2 24. Qa5 Qf5 25. Red1 Nd7 26. Bxd7 Qxd7
27. Qc7 R2b7 28. Qxd7 Rxd7 29. Rxa6 $11) 22. Red1 Rd4 $5 (22... Rb3 23. Qa5 Rc8
24. Bxd7 Nxd7 25. Qxa6 $132) 23. Bxd4 cxd4 24. Rac1 Qxd6 25. Rc4 Rb4 26. Qxb4
Qxb4 27. Rxb4 Bxb4 28. f4 Bd6 29. fxe5 Bxe5 30. b4 $44) 21... Nxc5 22. Bxc5
Rxb2 23. Qd1 (23. Qc1 $5 e4 24. Be2 Nd5 25. Bxa6 Nc3 $5 (25... e3 26. Bc4 (26.
Bxe3 Nxe3 27. Qxe3 Qxd6 $15 {/=}) 26... exf2+ 27. Bxf2 Qxd6 28. Bg3 Qc5+ 29.
Kh1 Rc8 30. Bxd5 $132) 26. Bf1 Qd5 27. Qe3 R2b3 28. Ra5 Be5 $15) 23... e4 $1
$15 24. Be2 Bh6 (24... Nd7 25. Ba7 R8b7 26. Rxa6 Bc3 27. Rf1 Be5 28. Be3 R7b4
29. Re1 Nb8 30. Ra8 Qxd6 31. Qxd6 Bxd6 $15) 25. Rxa6 Nd7 (25... Qc8 26. Bd4 Rd2
27. Bxf6 $5 Rxd1 28. Rxd1 Qd7 29. h3 e3 30. fxe3 Bxe3+ 31. Kh1 h5 32. Bf3 Bb6
$11) 26. Ba7 $6 (26. Bd4 Rd2 27. Qa1 Bf4 28. Qc3 Qd5 29. Bh8 $5 $132) 26... Rc8
27. Be3 Bxe3 28. fxe3 Ne5 $6 (28... Rcc2 $1 29. h3 Rd2 30. Qa1 Qf6 31. Ra7 Qxd6
32. Ra8+ Nf8 $19) 29. h3 (29. Ra4 Rcc2 30. Rxe4 Rd2 31. Qa1 Qxd6 32. Rd4 Qc5 $1
33. Rxd2 Qxe3+ 34. Kh1 Qxd2 35. Bf1 Nd3 $17) 29... Rcc2 30. Qd4 Rxe2 $11 (30...
Rd2 31. Qxe4 Rxd6 32. Rxd6 Qxd6 33. Rd1 Qf6 34. Rf1 Qe6 $15 {/=}) 31. Rxe2 Rxe2
32. d7 Qxd7 33. Ra8+ Kg7 34. Qxe5+ Kh6 (34... f6 35. Qb8 $1 (35. Qxe4 Qd1+ 36.
Kh2 Qd6+ 37. Qf4 Qe7 38. Qd4 Qc7+ 39. Kg1 Rxg2+ $1 $15) 35... Rxg2+ $1 36. Kxg2
Qd2+ $11) 35. Qf4+ Kg7 36. Qe5+ Kh6 37. Qf4+ Kg7 38. Qe5+ 1/2-1/2

[Event "Moscow Aeroflot op-A"]
[Site "Moscow"]
[Date "2006.02.11"]
[Round "4"]
[White "Korotylev, Alexey"]
[Black "Akopian, Vladimir Eduardovic"]
[Result "0-1"]
[WhiteElo "2609"]
[BlackElo "2704"]
[Annotator "Marin,M"]
[PlyCount "80"]
[EventDate "2006.02.08"]
[EventType "swiss"]
[EventRounds "9"]
[EventCountry "RUS"]
[SourceTitle "CBM 112"]
[Source "ChessBase"]
[SourceDate "2006.06.07"]
[SourceVersion "1"]
[SourceVersionDate "2006.06.07"]
[SourceQuality "1"]

1. d4 Nf6 2. c4 e6 3. Nf3 c5 4. d5 exd5 5. cxd5 d6 6. Nc3 g6 7. e4 a6 8. a4 Bg4
9. Be2 Bxf3 10. Bxf3 Bg7 11. O-O O-O 12. Bf4 Qe7 13. Re1 Nbd7 14. Qd2 Rfe8 15.
a5 h5 {Black prepares active king side operations.} ({The alternative is to
concentrate on the other wing first with} 15... Rac8 {1/2-1/2 Hansen,C (2607)
-Jobava,B (2601)/Skanderborg 2005/CBM 110_01/[Marin] (41)}) 16. Be2 $5 {
By retreating the bishop from f3, White pursues several aims. First of all, he
intends to give his pawn structure the maximum of flexibility in view of a
further f3. From the f1-a6 diagonal, the bishop will keep Black's typical
queen side counterplay under strict observation. Last but not least, the
bishop will safely cover the back rank from f1. However, this plan has a
significant drawback. By removing the pressure from the d1-h5 diagonal, White
allows Black to expand on the king side unhindered.} (16. h3 {was examined in
CBM 111.}) 16... Nh7 $146 {Strictly speaking, the novelty was produced by
White on the previous move, but there is a game that came from a different
move order:} (16... Rac8 17. Bf1 Qf8 {(Black plays too passively, failing to
take advantage of the main drawback of White's plan.)} 18. f3 Nh7 19. Rac1 Ne5
20. Na4 h4 21. Nb6 Rcd8 22. h3 f5 23. b4 $16 {1-0 Van Gisbergen,S (2337)
-Bezemer,A (2239)/Netherlands 2000/CBM 074 ext (41)}) 17. Bf1 ({Maybe White
should have delayed this move for a while and proceed with his queen side play
with} 17. Rab1 $5) 17... g5 18. Be3 Qf6 {With the bishop on e2, this move
would have been impossible and Black would have had to define his king side
structure earlier than in the game.} 19. f3 h4 {[%csl Gf3][%cal Yh4h3]} 20. h3
{This self-blocking move is hard to judge in an one-sided way. White ensures
himself against an early black aggression, but on the other hand any ending
could be dangerous for him because of the high number of pawns blocked on
light squares, making the f1-bishop a potential "bad" bishop.} Qg6 21. Rab1
Rac8 {[%csl Gc3][%cal Yc8c3] This is a typical move aimed to discourage the
thematic opening of the b-file by means of b4.} ({However, taking into account
the comment on White's next move, the immediate} 21... Ne5 $5 {deserves
attention and if} 22. b4 {then} c4 {[%cal Yf7f5]}) 22. Nd1 $6 {There was no
need to place the knight on such a passive square.} (22. b4 $5 cxb4 (22... c4
23. b5 $36) 23. Na4 {[%cal Yb1b4]} Bc3 $5 24. Nxc3 bxc3 25. Qc2 Rc7 26. Bd4 $14
{[%csl Yb7,Yc3][%cal Gd4h8,Gh8d4]}) (22. Na4 $5) 22... Ne5 23. Bf2 f5 {Black
is the first to start active operations on "his" wing. The lack of defence of
the e4-square will soon force White to new losses of time.} 24. Nc3 fxe4 25.
Nxe4 Rf8 26. Kh1 Rf4 $132 {[%csl Ge4][%cal Yc8f8,Yg5g4] The strong
concentration of forces on the king side offer Black adequate counterplay.} 27.
Be3 (27. b4 c4 28. b5 c3 29. Qc2 Nf6 $132) 27... Rxe4 $5 28. fxe4 Rf8 $44 29.
Be2 Nf6 30. Kg1 g4 31. Bxg4 Nfxg4 32. hxg4 Nf3+ $5 (32... h3 $1 $40) 33. gxf3
Rxf3 34. Re2 Rg3+ 35. Rg2 (35. Kf2 $8) 35... Rxe3 $17 36. Re1 Rf3 37. Kh1 Be5
38. Re3 Rf1+ 39. Rg1 Qf6 40. Qe2 Rf2 0-1

[Event "Excelsior Cup"]
[Site "Gothenburg"]
[Date "2001.01.??"]
[Round "1"]
[White "Ahlander, Bjorn"]
[Black "Marin, Mihail"]
[Result "0-1"]
[WhiteElo "2424"]
[BlackElo "2604"]
[Annotator "Marin,M"]
[PlyCount "236"]
[EventDate "2001.01.08"]
[EventType "tourn"]
[EventRounds "9"]
[EventCountry "SWE"]
[EventCategory "7"]
[SourceTitle "CBM 081"]
[Source "ChessBase"]
[SourceDate "2001.03.20"]
[SourceVersion "1"]
[SourceVersionDate "2001.03.20"]
[SourceQuality "1"]

1. d4 Nf6 2. c4 c5 3. d5 d6 4. Nc3 g6 5. e4 Bg7 6. Nf3 O-O 7. Be2 e6 8. O-O
exd5 9. cxd5 a6 10. a4 Bg4 11. Bf4 Bxf3 12. Bxf3 Qe7 13. Re1 Nbd7 {(This is an
important "tabyia" of the Benoni. By exchanging on f3 and developing his
knight to d7, black has secured the control of several dark squares in the
centre (the most important beeing e5 and d4) and has avoided for the moment
the dangerous break e4-e5. On the other hand, white defended very well his
central pawns and can decide later on which side he should start concrete
actions.)'} 14. a5 Rab8 $5 (14... Rfe8 15. Na4 (15. h3 $6 Rab8 16. Be2 b5 17.
axb6 Rxb6 18. Rxa6 Nxe4 19. Bd3 Bxc3 20. bxc3 Rxa6 21. Bxa6 Qh4 22. Qf3 f5 23.
Bb5 Ne5 24. Qe3 Re7 {with a better position for black, Gershon,A-Marin,M Tel
Aviv 2000.}) (15. Qc2) 15... Rab8 16. Ra3 $1) 15. Qc2 (15. Na4 Ne5 (15... Ne8
16. Bg4 $1 Ne5 (16... b5 $2 17. axb6 Nxb6 18. Nxc5) 17. Bh3 Nc7 18. Nb6 Nb5 19.
Bg3 $16 {Ahlander}) 16. Bxe5 Qxe5 17. Nb6 Qe7 $13 {/\Nd7} (17... Qxb2 $2 18.
Nc4)) 15... Ne8 {/\Nc7-b5, ><d4, קa6} 16. Be2 (16. Rab1 Nc7 17. b4 c4) 16...
Nc7 17. Bf1 b5 $11 18. axb6 Rxb6 19. Rad1 Rb4 20. Bc1 Re8 21. f3 Nb6 {(/\22...
Bd4+ 23.Kh1 Nbxd5!)'} 22. Kh1 Rd4 {(/\Nxd5)} 23. Ne2 (23. Bd2 $5 Nc4 24. Bc1
$11) 23... Rxd1 24. Rxd1 Nb5 25. Nc3 (25. Bd2 $5 Qb7 26. Ra1 Ra8 $15) 25... Nd4
26. Qf2 Qb7 27. Bd3 (27. b4 cxb4 28. Rxd4 Bxd4 29. Qxd4 bxc3 30. Bh6 f6) (27.
Qg3 Be5 28. f4 Bg7) (27. Bf4 Be5) 27... Nd7 28. Qf1 Ra8 {/\Ne5} (28... a5 $6
29. Nb5) 29. f4 Qb6 30. h3 a5 $36 31. Qf2 (31. Bb5 Nf6 32. e5 dxe5 33. fxe5 Nh5
$1) (31. Nb5 Rb8 {><b2}) 31... a4 32. Rf1 Qb3 33. Qe1 (33. e5 a3 34. e6 fxe6
35. dxe6 Qxe6) 33... Re8 34. Rf2 c4 (34... f5 $5) 35. Bb1 Nc5 36. Qf1 a3 37.
Ba2 axb2 $6 $138 (37... Qb4 $142 $1 38. Bxc4 (38. Qxc4 Qxc4 39. Bxc4 Ndb3 40.
Be3 Bxc3 (40... axb2 41. e5) 41. bxc3 Rxe4 $19) 38... axb2 39. Bxb2 Nxe4 40.
Nxe4 Rxe4 41. Kh2 (41. Qd3 Nf5 42. Bxg7 Kxg7 43. Ba2 Qe1+ $19) 41... Nf5 42.
Bxg7 Kxg7 $17 43. Ba2 Qa3 44. Bb1 Qg3+ 45. Kg1 Ne3 46. Bxe4 (46. Qe2 Rxf4)
46... Nxf1 47. Kxf1 f5 48. Rf3 Qh2 49. Bc2 Qh1+ 50. Kf2 Qc1 51. Bb3 Qd2+ $17)
38. Bxb3 bxc1=Q 39. Qxc1 Ndxb3 (39... Nd3 40. Ba4) 40. Qc2 Bxc3 41. Qxc3 Nxe4
42. Qxc4 $1 (42. Qe3 Nxf2+ 43. Qxf2 c3 $19) 42... Nxf2+ 43. Kg1 Nc5 (43... Nd2
44. Qb5 Nxh3+ 45. gxh3) 44. Kxf2 Re4 45. Qb5 Rxf4+ 46. Ke3 Rf6 $11 47. Qe8+ Kg7
48. Qe7 (48. g4 {Bob} g5) (48. h4 {Bob} h5) 48... h5 49. g4 hxg4 50. hxg4 g5
51. Qd8 Nb7 52. Qc7 Nc5 53. Qe7 Nb3 54. Kd3 Nc5+ 55. Kc4 $2 (55. Ke3 $11) 55...
Ne4 $17 (55... Rf4+ 56. Kb5 Ne4 $17) 56. Kb5 (56. Qxe4 Rf4 $19) 56... Rf4 57.
Qd7 Kf6 {(Suddenly, the black king is planning to attack the white pawns. The
force of black's position consists in the mutual defence of all his pieces.
The mighty white queen has to limit itself to defensive functions.)} 58. Kc6
Ke5 59. Qe7+ Kd4 60. Qa7+ Kd3 61. Qg1 Ke2 62. Qg2+ (62. Kd7 Kf3 63. Ke7 f6 64.
Ke6 Rxg4 65. Qf1+ Nf2 66. Kxd6 Rd4 $17 {/\g4-g3-g2}) 62... Ke3 63. Qh3+ Rf3 64.
Qh2 (64. Qh7 f6 65. Kd7 $2 f5 $1) 64... f6 65. Qh1 Kf4 (65... Rf2) 66. Qh7 Ke3
67. Qa7+ (67. Qh1 Rf2) 67... Kf4 (67... Ke2 68. Qa2+ {פe4}) 68. Qh7 Rf2 69.
Qf5+ Ke3 70. Qh7 Rf4 71. Qh3+ Kd4 72. Qh1 Rf2 (72... Rxg4 $4 73. Qd1+) 73. Qa1+
Ke3 74. Qh1 Kf4 75. Qh7 Ra2 76. Qf5+ Ke3 77. Qf1 (77. Kd7 Rf2 $1 78. Qe6 (78.
Qh7 f5) (78. Qg6 Rf4 79. Qh5 f5) 78... Rf4) 77... Kd4 78. Qb1 Rd2 $22 (78...
Ra6+ 79. Kc7) 79. Qa1+ Ke3 80. Qf1 (80. Qa7+) 80... Rf2 $138 81. Qb1 $138 (81.
Qh3+ Kd4 82. Qb3 Ke5) (81. Qc1+ $142) 81... Kf4 82. Qh1 (82. Kd7 f5 $17 {ףb1})
82... Rc2+ 83. Kd7 Ke5 $17 {><g4, d5} 84. Qd1 Rd2 85. Qf1 Kxd5 86. Qf5+ Kd4 87.
Ke6 Ke3 88. Qf1 d5 89. Qg1+ Kf3 90. Kf5 Rf2 91. Qd1+ Ke3+ 92. Ke6 d4 93. Qe1+
Re2 94. Qc1+ Kf3 95. Kd5 d3 96. Qf1+ Kxg4 97. Kd4 Nf2 98. Qg2+ Kf4 99. Qh2+ Kf3
100. Qh5+ g4 101. Qf5+ Kg3 102. Qb5 (102. Qxf6 d2) 102... f5 (102... d2) 103.
Kc3 (103. Qxf5 d2) 103... Rc2+ 104. Kb3 Re2 105. Kc3 f4 (105... d2 106. Qxe2
d1=Q) 106. Qa6 f3 107. Kb3 d2 108. Qd6+ Kg2 109. Kc3 d1=Q 110. Qxd1 Nxd1+ 111.
Kc4 f2 112. Kc5 f1=Q 113. Kc4 Re5+ 114. Kd4 Qf4+ 115. Kd3 Qe3+ 116. Kc4 Qc5+
117. Kb3 Qc3+ 118. Ka2 {and, with only 20 seconds left on my clock, I manage
to "deliver" mate:'} Qb2# 0-1